National certificate mathematics, Vol -1 (Record no. 1944)

000 -LEADER
fixed length control field 00420nam a22001697a 4500
008 - FIXED-LENGTH DATA ELEMENTS--GENERAL INFORMATION
fixed length control field 200207b ||||| |||| 00| 0 eng d
082 00 - DEWEY DECIMAL CLASSIFICATION NUMBER
Classification number 510
Item number A131
100 ## - MAIN ENTRY--PERSONAL NAME
9 (RLIN) 1540
Personal name Abbott, P.
245 10 - TITLE STATEMENT
Title National certificate mathematics, Vol -1
250 ## - EDITION STATEMENT
Edition statement 12th
260 ## - PUBLICATION, DISTRIBUTION, ETC. (IMPRINT)
Place of publication, distribution, etc London
Name of publisher, distributor, etc EUP
Date of publication, distribution, etc 1952
300 ## - PHYSICAL DESCRIPTION
Extent x,352p.
365 ## - TRADE PRICE
Unit of pricing 5.01
650 #0 - SUBJECT ADDED ENTRY--TOPICAL TERM
Topical term or geographic name as entry element Mathematics
700 ## - ADDED ENTRY--PERSONAL NAME
9 (RLIN) 1541
Personal name Kerridge, C. E.
942 ## - ADDED ENTRY ELEMENTS (KOHA)
Item type Books
Holdings
Withdrawn status Lost status Source of classification or shelving scheme Damaged status Not for loan Permanent location Current location Date acquired Source of acquisition Full call number Barcode Date last seen Koha item type
          IMU Kolkata IMU Kolkata 1953-02-13 A. H. Wheeler 510 A131 01651 2020-02-07 Books
          IMU Kolkata IMU Kolkata 1953-02-13 A. H. Wheeler 510 A131 01652 2020-02-07 Books
Designed and Maintained by IMU-KC Library, Kolkata Campus © Copyright All Rights Reserved

webs counters

Powered by Koha